|
|
|
|
| LEADER |
00000nas a22000007a 4500 |
| 005 |
20130312144920.0 |
| 007 |
cr|||| |||| |
| 008 |
130312c20089999rm fr|p s|||| 0|||a1rum d |
| 022 |
|
|
|a 15839583
|
| 035 |
|
|
|a 7141
|
| 040 |
|
|
|a vLex
|
| 090 |
|
|
|c 3896
|d 3896
|
| 245 |
0 |
0 |
|a Administratie si Management Public
|h [Recurso electrn̤ico]
|
| 256 |
|
|
|a Servicio en ln̕ea
|
| 260 |
|
|
|a Bucharest :
|b Bucharest Academy of Economic Studies,
|c 2008-
|
| 300 |
|
|
|a 1 Recurso electrn̤ico
|
| 506 |
|
|
|d vLex Global
|d vLex Global (Academic Edition, excluding Law Schools)
|d vLex Global (U.S. Academic Edition, Law Schools)
|d vLex Global (U.S. Academic Edition, excluding Law Schools)
|d vLex Global (Academic Edition, Law Schools)
|
| 650 |
0 |
4 |
|a Administracin̤ (Management)
|v Revistas
|
| 650 |
0 |
4 |
|a Derecho administrativo
|v Revistas
|
| 740 |
|
|
|a vLex Revistas (Servicio en ln̕ea)
|
| 856 |
|
|
|a Acceso restringido
|u http://www.vlex.com/source/7141
|
| 942 |
|
|
|c REV
|
| 999 |
|
0 |
|a Management
|